<?xml version="1.0" encoding="UTF-8"?>
<record
    xmlns:xsi="http://www.w3.org/2001/XMLSchema-instance"
    xsi:schemaLocation="http://www.loc.gov/MARC21/slim http://www.loc.gov/standards/marcxml/schema/MARC21slim.xsd"
    xmlns="http://www.loc.gov/MARC21/slim">

  <leader>01508nam a2200205 a 4500</leader>
  <controlfield tag="001">000003850</controlfield>
  <controlfield tag="005">20240311204353.0</controlfield>
  <controlfield tag="008">090714s2000    dr a          001 0 spa d</controlfield>
  <datafield tag="040" ind1=" " ind2=" ">
    <subfield code="a">DO-SdBNP</subfield>
    <subfield code="b">spa</subfield>
    <subfield code="c">BNPHU</subfield>
  </datafield>
  <datafield tag="082" ind1=" " ind2=" ">
    <subfield code="a">xxxx</subfield>
    <subfield code="b">xxxx</subfield>
  </datafield>
  <datafield tag="100" ind1="1" ind2=" ">
    <subfield code="a">G&#xF3;mez Garc&#xED;a-Arg&#xFC;elles, Ricardo</subfield>
    <subfield code="9">11631</subfield>
  </datafield>
  <datafield tag="245" ind1="1" ind2="0">
    <subfield code="a">Explicaci&#xF3;n a las modificaciones de la nomenclatura del arancel de aduanas de la Rep&#xFA;blica Dominicana :</subfield>
    <subfield code="b">introducci&#xF3;n de las modificaciones del sistema armonizado 1996 y de su versi&#xF3;n &#xFA;nica en espa&#xF1;ol /</subfield>
    <subfield code="c">Ricardo G&#xF3;mez Garc&#xED;a Ag&#xFC;elles, Gabino Jos&#xE9; Polanco ; presentaci&#xF3;n Celenia Vidal P.</subfield>
  </datafield>
  <datafield tag="260" ind1=" " ind2=" ">
    <subfield code="a">Santo Domingo :</subfield>
    <subfield code="b">INCAT,</subfield>
    <subfield code="c">2000.</subfield>
  </datafield>
  <datafield tag="300" ind1=" " ind2=" ">
    <subfield code="a">211 p. :</subfield>
    <subfield code="b">il. ;</subfield>
    <subfield code="c">25 cm.</subfield>
  </datafield>
  <datafield tag="500" ind1=" " ind2=" ">
    <subfield code="a">Incluye datos biogr&#xE1;ficos de los autores en la contracubierta</subfield>
  </datafield>
  <datafield tag="505" ind1="2" ind2=" ">
    <subfield code="a">Organizaci&#xF3;n Mundial de Aduanas (O.M.A) -- Origen de la actualizaci&#xF3;n del sistema armonizado (S.A) -- Alcance general de las modificaciones -- Asignaci&#xF3;n de c&#xF3;digos num&#xE9;ricos a las subpartidas modificadas -- Evoluci&#xF3;n del arancel dominicano de aduanas -- Sector agr&#xED;cola -- Sector qu&#xED;mico -- Pieles, cuero, madera, papel -- Materias textiles, calzado -- Manufacturas de piedra, vidrio, metal precioso -- Metales comunes -- M&#xE1;quinas, material el&#xE9;ctrico -- Material de transporte -- Instrumentos de &#xF3;ptica, de relojer&#xED;a, de m&#xFA;sica -- Productos diversos, objetos de arte.</subfield>
  </datafield>
  <datafield tag="700" ind1="1" ind2="2">
    <subfield code="a">Polanco, Gabino Jos&#xE9;</subfield>
    <subfield code="9">11632</subfield>
  </datafield>
  <datafield tag="710" ind1="2" ind2="2">
    <subfield code="a">Instituto de Capacitaci&#xF3;n Tributaria (Rep&#xFA;blica Dominicana)</subfield>
    <subfield code="9">73226</subfield>
  </datafield>
  <datafield tag="049" ind1=" " ind2=" ">
    <subfield code="a">BNPD</subfield>
  </datafield>
  <datafield tag="952" ind1=" " ind2=" ">
    <subfield code="0">0</subfield>
    <subfield code="1">0</subfield>
    <subfield code="7">1</subfield>
    <subfield code="8">PD</subfield>
    <subfield code="a">PD</subfield>
    <subfield code="b">PD</subfield>
    <subfield code="c">HD</subfield>
    <subfield code="d">2009-07-14</subfield>
    <subfield code="i">LF1</subfield>
    <subfield code="l">0</subfield>
    <subfield code="o">xxxx xxxx</subfield>
    <subfield code="p">3850-10</subfield>
    <subfield code="r">2020-06-25</subfield>
    <subfield code="w">2020-06-25</subfield>
    <subfield code="y">LFPD</subfield>
    <subfield code="Z">No se presta</subfield>
  </datafield>
  <datafield tag="952" ind1=" " ind2=" ">
    <subfield code="0">0</subfield>
    <subfield code="1">0</subfield>
    <subfield code="7">1</subfield>
    <subfield code="8">PD</subfield>
    <subfield code="a">PD</subfield>
    <subfield code="b">PD</subfield>
    <subfield code="c">HD</subfield>
    <subfield code="d">2009-07-14</subfield>
    <subfield code="i">LF1</subfield>
    <subfield code="l">0</subfield>
    <subfield code="o">xxxx xxxx</subfield>
    <subfield code="p">3850-20</subfield>
    <subfield code="r">2020-06-25</subfield>
    <subfield code="t">e. 2</subfield>
    <subfield code="w">2020-06-25</subfield>
    <subfield code="y">LFPD</subfield>
    <subfield code="Z">No se presta</subfield>
  </datafield>
  <datafield tag="999" ind1=" " ind2=" ">
    <subfield code="c">3672</subfield>
    <subfield code="d">3672</subfield>
  </datafield>
</record>
